[Event "Specialiste Printanier"]
[Site "Montreal CAN"]
[Date "1988.04.09"]
[Round "1"]
[White "Reiner, Thomas"]
[Black "Charest, Johanne"]
[Result "1-0"]
[WhiteElo "1571"]
[BlackElo "1452"]
[PlyCount "135"]
[GameId "2160767912586406"]
[EventDate "1988.04.09"]
[EventType "swiss"]
[EventRounds "4"]
[EventCountry "CAN"]

1. d4 d5 2. c4 c6 3. cxd5 cxd5 4. Nc3 e6 5. Bf4 a6 6. a3 Nc6 7. Nf3 Nf6 8. e3 Be7 9. Bd3 O-O 10. O-O h6 11. Ne5 Bd7 12. Qe2 b5 13. b4 Rc8 14. Rac1 Nb8 15. Bg3 Qb6 16. f4 a5 17. bxa5 Qxa5 18. Nxb5 Bxb5 19. Bxb5 Qxa3 20. Ra1 Qd6 21. Ra7 Ne4 22. Rfa1 Qb4 23. Be1 Qd6 24. Ba5 Nc3 25. Qb2 Nxb5 26. Qxb5 Rfe8 27. Bc7 Qb4 28. Qxb4 Bxb4 29. Bxb8 Rxb8 30. Rxf7 Re7 31. Rxe7 Bxe7 32. Ra6 Bh4 33. g3 Bd8 34. Rxe6 Ba5 35. Kf2 Rb2+ 36. Kf3 h5 37. h4 Rd2 38. g4 hxg4+ 39. Nxg4 Rd1 40. Re5 Rh1 41. Rxd5 Be1 42. h5 Rg1 43. Rg5 Bh4 44. Rg6 Kh7 45. Ke4 Ra1 46. d5 Ra7 47. d6 Rd7 48. Ke5 Ra7 49. Ke6 Ra6 50. f5 Rb6 51. f6 gxf6 52. Nxf6+ Bxf6 53. Rxf6 Rb3 54. Rf3 Rb6 55. e4 Kh6 56. Rf5 Rb4 57. e5 Rb6 58. Kf6 Ra6 59. Rg5 Rb6 60. Kf5 Rb7 61. Rg8 Ra7 62. Re8 Kg7 63. e6 Ra5+ 64. Ke4 Ra4+ 65. Kd5 Ra5+ 66. Kc6 Ra1 67. d7 Rc1+ 68. Kd6 1-0

[Event "Specialiste Printanier"]
[Site "Montreal CAN"]
[Date "1988.04.09"]
[Round "2"]
[White "Charest, Johanne"]
[Black "Laforest, Claude"]
[Result "0-1"]
[WhiteElo "1452"]
[BlackElo "1300"]
[PlyCount "184"]
[GameId "2160767912586407"]
[EventDate "1988.04.09"]
[EventType "swiss"]
[EventRounds "4"]
[EventCountry "CAN"]

1. e4 e5 2. Nf3 Nc6 3. Bc4 Nf6 4. Ng5 d5 5. exd5 Nxd5 6. d3 h6 7. Nf3 Bg4 8. c3 Bc5 9. h3 Bh5 10. Nbd2 Nf4 11. O-O Nxd3 12. b4 Bb6 13. Ba3 f5 14. Qc2 e4 15. Ne1 Be2 16. Bxd3 exd3 17. Nxd3 Bxd3 18. Rfe1+ Ne7 19. Qb3 c6 20. Nf3 Qd5 21. Qd1 Bc7 22. Nd4 Bc4 23. Qh5+ Qf7 24. Qf3 O-O-O 25. b5 Rhe8 26. bxc6 Bd5 27. cxb7+ Bxb7 28. Qe2 Nd5 29. Qc4 Rxe1+ 30. Rxe1 Rd7 31. Nb5 Kb8 32. Nd4 Nf4 33. Nc6+ Bxc6 34. Qxc6 Qd5 35. Re8+ Bd8 36. Qxd5 Rxd5 37. g3 Nxh3+ 38. Kg2 Ng5 39. f4 Ne4 40. Be7 Kc7 41. c4 Rd7 42. Bf8 Rf7 43. Bb4 Kd7 44. Re5 Kc8 45. Re8 Nf6 46. Re5 Rc7 47. c5 Be7 48. Rxf5 Ne4 49. Kf3 Nxc5 50. Ba5 Rc6 51. Rf7 Bf6 52. Rxa7 Ra6 53. Rxa6 Nxa6 54. a3 Kb7 55. Bb4 Nxb4 56. axb4 Kb6 57. Kg4 Kb5 58. Kh5 Kxb4 59. g4 Kc4 60. g5 hxg5 61. fxg5 Ba1 62. Kg6 Kd5 63. Kf5 Kd6 64. Kg6 Ke7 65. Kf5 Kf7 66. g6+ Ke7 67. Kg5 Kd6 68. Kf5 Bb2 69. Kg5 Ke5 70. Kg4 Kf6 71. Kh5 Bc3 72. Kg4 Kxg6 73. Kf4 Kh5 74. Kg3 g5 75. Kh3 Be5 76. Kg2 Kh4 77. Kh1 Kh3 78. Kg1 g4 79. Kh1 g3 80. Kg1 Bd4+ 81. Kf1 g2+ 82. Ke2 g1=Q 83. Kd3 Bc5 84. Kc4 Bb6 85. Kd5 Qd4+ 86. Kc6 Qc5+ 87. Kb7 Qc7+ 88. Ka6 Be3 89. Kb5 Qc5+ 90. Ka4 Bd2 91. Kb3 Qc3+ 92. Ka2 Bc1 0-1

[Event "Specialiste Printanier"]
[Site "Montreal CAN"]
[Date "1988.04.10"]
[Round "3"]
[White "Charest, Johanne"]
[Black "Lajoie, Luc"]
[Result "1/2-1/2"]
[WhiteElo "1442"]
[BlackElo "1290"]
[PlyCount "125"]
[GameId "2160767912586408"]
[EventDate "1988.04.09"]
[EventType "swiss"]
[EventRounds "4"]
[EventCountry "CAN"]

1. e4 c5 2. Nf3 d6 3. d4 cxd4 4. Nxd4 Nf6 5. Nc3 a6 6. Be2 e5 7. Nf3 h6 8. h3 Be7 9. Be3 O-O 10. O-O b5 11. a3 Bb7 12. Bd3 Qc7 13. Nh4 Nbd7 14. Nf5 Rfe8 15. Qf3 Bf8 16. Qg3 Kh8 17. Kh1 Nc5 18. Bxc5 dxc5 19. Qf3 c4 20. Be2 Rad8 21. Rad1 Qc6 22. Ng3 Kg8 23. Rfe1 Rd4 24. Bf1 Red8 25. Be2 Rd2 26. Kg1 R8d4 27. Nf5 Rxd1 28. Bxd1 Rd2 29. Ng3 Bc5 30. Re2 Qd7 31. Nf5 Rxd1+ 32. Nxd1 Qxd1+ 33. Kh2 Qd8 34. Qg3 Bf8 35. Nxh6+ Kh7 36. Nxf7 Qc7 37. Ng5+ Kg8 38. f3 Qb6 39. Rd2 Qe3 40. Rd8 Qf4 41. Ne6 Qxg3+ 42. Kxg3 Nh7 43. Rb8 Bc6 44. Kf2 Bd7 45. Nc5 Nf6 46. Rd8 Be8 47. Ne6 Be7 48. Ra8 Kf7 49. Nc7 Bc5+ 50. Ke2 Bd7 51. Rxa6 Nh5 52. Nd5 Ng3+ 53. Ke1 Bd4 54. c3 Bc5 55. Ra8 Nh1 56. Nb4 Nf2 57. Rd8 Ke7 58. Rg8 Kf7 59. Rd8 Ke7 60. Rb8 Ke6 61. Rg8 Kf7 62. Rd8 Ke7 63. Rb8 1/2-1/2

[Event "Specialiste Printanier"]
[Site "Montreal CAN"]
[Date "1988.04.10"]
[Round "4"]
[White "Legault, Eric"]
[Black "Charest, Johanne"]
[Result "1-0"]
[WhiteElo "1362"]
[BlackElo "1452"]
[PlyCount "91"]
[GameId "2160767912586409"]
[EventDate "1988.04.09"]
[EventType "swiss"]
[EventRounds "4"]
[EventCountry "CAN"]

1. d4 d5 2. c4 c6 3. Nc3 Nf6 4. cxd5 cxd5 5. Bg5 Nbd7 6. Nf3 e6 7. e3 a6 8. Bd3 Bd6 9. Rc1 h6 10. Bh4 b5 11. a3 Bb7 12. Bg3 Bb8 13. O-O O-O 14. Ne5 Nxe5 15. Bxe5 Nd7 16. Bxb8 Rxb8 17. Ne2 e5 18. dxe5 Nxe5 19. Nd4 Qg5 20. f4 Qe7 21. fxe5 Qxe5 22. Qf3 Rbe8 23. Rfe1 Rd8 24. Qf5 Qxf5 25. Bxf5 Rfe8 26. Rc7 Ba8 27. Kf2 g6 28. Bg4 h5 29. Bh3 Kg7 30. Ne6+ Kg8 31. Nxd8 Rxd8 32. Rc8 Rxc8 33. Bxc8 a5 34. Rc1 b4 35. Bd7 bxa3 36. bxa3 Kf8 37. Bb5 Bb7 38. Rc7 d4 39. Rxb7 dxe3+ 40. Kxe3 Kg7 41. Bc4 Kh6 42. h4 f5 43. Kf4 a4 44. Bg8 g5+ 45. hxg5+ Kg6 46. Bh7# 1-0

[Event "Specialiste U1700"]
[Site "Montreal CAN"]
[Date "1988.02.27"]
[Round "2"]
[White "Marcil, Alexandre"]
[Black "Charest, Johanne"]
[Result "1-0"]
[WhiteElo "1377"]
[BlackElo "1310"]
[PlyCount "47"]
[GameId "2160767912586537"]
[EventDate "1988.02.26"]
[EventType "swiss"]
[EventRounds "5"]
[EventCountry "CAN"]

1. e4 e5 2. f4 exf4 3. Nf3 d6 4. Bc4 Nc6 5. d4 Be7 6. Bxf4 Bg4 7. O-O h6 8. Nc3 Nf6 9. Qd2 O-O 10. Rae1 a6 11. h3 Bh5 12. e5 dxe5 13. Bxe5 Bd6 14. Bxf6 Qxf6 15. g4 Bg6 16. Ne5 Qh4 17. Nxg6 Qxh3 18. Qg2 Qxg2+ 19. Kxg2 Rfd8 20. Bxf7+ Kh7 21. Ne4 Nxd4 22. Ng5+ hxg5 23. Rh1+ Bh2 24. Rxh2# 1-0

[Event "Specialiste U1700"]
[Site "Montreal CAN"]
[Date "1988.02.28"]
[Round "5"]
[White "Muskat, Paul"]
[Black "Charest, Johanne"]
[Result "0-1"]
[WhiteElo "1494"]
[BlackElo "1310"]
[PlyCount "128"]
[GameId "2160767912586540"]
[EventDate "1988.02.26"]
[EventType "swiss"]
[EventRounds "5"]
[EventCountry "CAN"]

1. e4 e5 2. Nf3 Nc6 3. Bb5 a6 4. Bxc6 dxc6 5. Nc3 f6 6. d4 exd4 7. Qxd4 Be6 8. Be3 Bd6 9. O-O-O Ne7 10. h3 b5 11. Rd2 a5 12. Kb1 a4 13. Rhd1 b4 14. Ne2 Qb8 15. e5 fxe5 16. Nxe5 b3 17. a3 bxc2+ 18. Rxc2 Bxa3 19. Nxc6 Nxc6 20. Rxc6 Bd6 21. Qe4 Kd7 22. Nd4 Re8 23. Nxe6 Rxe6 24. Rxc7+ Qxc7 25. Qxa8 Qc6 26. Qxc6+ Kxc6 27. Kc2 Rg6 28. g3 Re6 29. Kd3 Kd5 30. Ra1 Re4 31. Rc1 Rb4 32. Rd1 Be5 33. Bc1 Bd4 34. f3 Ke5 35. Re1+ Kd5 36. Rd1 Ke5 37. f4+ Kd5 38. Kc2 Rb3 39. Rd3 Rb4 40. f5 Ke4 41. g4 Bxb2 42. Re3+ Kd4 43. Rd3+ Kc4 44. Rd1 a3 45. Kd2 Rb5 46. Bxb2 Rxb2+ 47. Ke3 a2 48. Rd4+ Kc3 49. Ra4 Kb3 50. Ra8 Rb1 51. h4 a1=Q 52. Rxa1 Rxa1 53. Kf4 Kc4 54. Kg5 Rf1 55. h5 Kd5 56. h6 gxh6+ 57. Kxh6 Rg1 58. g5 Ke5 59. f6 Ke6 60. Kh5 Kf7 61. Kh4 Kg6 62. f7 Kxf7 63. Kh5 Rg2 64. Kh4 Kg6 0-1

[Event "Specialiste op"]
[Site "Montreal CAN"]
[Date "1988.01.23"]
[Round "1"]
[White "Pitre, Francois"]
[Black "Charest, Johanne"]
[Result "0-1"]
[WhiteElo "1546"]
[BlackElo "1320"]
[PlyCount "158"]
[GameId "2160767912583303"]
[EventDate "1988.01.23"]
[EventType "swiss"]
[EventRounds "4"]
[EventCountry "CAN"]

1. e4 e5 2. f4 exf4 3. Nf3 Nc6 4. Bc4 d6 5. d4 Bg4 6. Bxf4 Be7 7. O-O Nf6 8. Nc3 O-O 9. Qd2 a6 10. d5 Nb8 11. Bd3 Nbd7 12. Rae1 Re8 13. Nd4 Nf8 14. h3 Bd7 15. Be3 Ng6 16. Qf2 Rf8 17. Nf5 Bxf5 18. Qxf5 Qc8 19. Qf2 Nh5 20. Qd2 Qd7 21. Bg5 Bxg5 22. Qxg5 Nf6 23. Ne2 Qd8 24. Ng3 Nd7 25. Qe3 Nf6 26. Nf5 Nh5 27. Be2 Nf6 28. Qd4 Qe8 29. Bg4 Qe5 30. Bf3 Nd7 31. Bh5 Qxd4+ 32. Nxd4 Nge5 33. Be2 Nf6 34. Bd3 Rae8 35. Nf5 Ned7 36. Rf2 Nc5 37. Ng3 Re5 38. Rfe2 Rfe8 39. Kf2 Na4 40. c3 Nc5 41. Bc2 Nh5 42. Nxh5 Rxh5 43. Kf3 Rhe5 44. a3 Nd7 45. Ba4 b5 46. Bc2 Nf6 47. a4 Rb8 48. Bd3 bxa4 49. Ra1 Ra8 50. Rxa4 a5 51. b4 Nd7 52. Bb5 Nb6 53. Rxa5 Rc8 54. Bd3 Nd7 55. Rea2 Nb6 56. Ra6 f5 57. R6a5 fxe4+ 58. Bxe4 Rf8+ 59. Kg3 Rxe4 60. Ra7 Re3+ 61. Kh2 Rxc3 62. Rb2 Nxd5 63. Ra5 Ne3 64. Ra1 Rf1 65. Rxf1 Nxf1+ 66. Kg1 Ne3 67. Rd2 Nc4 68. Rd4 c6 69. Kf2 Rc2+ 70. Kf3 Kf7 71. Ke4 d5+ 72. Kd3 Rd2+ 73. Kc3 Rxd4 74. Kxd4 Ke6 75. g4 Nd6 76. h4 g6 77. Kc5 Kd7 78. g5 Ne4+ 79. Kd4 Kd6 0-1

[Event "Specialiste op"]
[Site "Montreal CAN"]
[Date "1988.01.23"]
[Round "2"]
[White "Charest, Johanne"]
[Black "Garcia, Edwin"]
[Result "0-1"]
[WhiteElo "1320"]
[BlackElo "1541"]
[PlyCount "87"]
[GameId "2160767912583304"]
[EventDate "1988.01.23"]
[EventType "swiss"]
[EventRounds "4"]
[EventCountry "CAN"]

1. e4 c5 2. Nf3 Nc6 3. d4 cxd4 4. Nxd4 Nf6 5. Nc3 d6 6. Be2 e6 7. Be3 Be7 8. O-O O-O 9. f4 Nxd4 10. Bxd4 a6 11. Be3 Qa5 12. a3 Rd8 13. Qe1 b5 14. Bd2 Qc7 15. Bf3 Bb7 16. Ne2 Nxe4 17. Ba5 Qc5+ 18. Kh1 Rdc8 19. Nc3 d5 20. Bb4 Qc7 21. Nxe4 dxe4 22. Bxe7 exf3 23. Bb4 fxg2+ 24. Kg1 gxf1=Q+ 25. Kxf1 Qxf4+ 26. Ke2 Rxc2+ 27. Bd2 Bf3+ 28. Kd3 Qc4+ 29. Ke3 Qe4+ 30. Kf2 Rd8 31. Qxe4 Bxe4 32. Rd1 Rcxd2+ 33. Rxd2 Rxd2+ 34. Ke3 Rxb2 35. Kxe4 Rxh2 36. Ke5 Ra2 37. Kd6 h5 38. Ke7 h4 39. Ke8 h3 40. a4 Rxa4 41. Ke7 h2 42. Ke8 h1=Q 43. Ke7 Rd4 44. Ke8 0-1

[Event "Specialiste op"]
[Site "Montreal CAN"]
[Date "1988.01.24"]
[Round "3"]
[White "Dominique, Vladimir"]
[Black "Charest, Johanne"]
[Result "1/2-1/2"]
[WhiteElo "1480"]
[BlackElo "1320"]
[PlyCount "48"]
[GameId "2160767912583305"]
[EventDate "1988.01.23"]
[EventType "swiss"]
[EventRounds "4"]
[EventCountry "CAN"]

1. e4 e5 2. Nf3 Nc6 3. Bb5 a6 4. Ba4 Nf6 5. O-O Be7 6. Re1 b5 7. Bb3 d6 8. c3 Bg4 9. d3 O-O 10. h3 Bc8 11. Be3 Re8 12. d4 Bb7 13. Nbd2 Bf8 14. Ng5 Re7 15. f4 exf4 16. Bxf4 h6 17. Ngf3 Re8 18. a4 Ne7 19. axb5 axb5 20. Rxa8 Qxa8 21. e5 dxe5 22. Nxe5 Ned5 23. Bh2 Re7 24. Ndf3 Nd7 1/2-1/2

[Event "Specialiste op"]
[Site "Montreal CAN"]
[Date "1988.01.24"]
[Round "4"]
[White "Charest, Johanne"]
[Black "Rosen, Matthew"]
[Result "0-1"]
[WhiteElo "1320"]
[BlackElo "1473"]
[PlyCount "44"]
[GameId "2160767912583306"]
[EventDate "1988.01.23"]
[EventType "swiss"]
[EventRounds "4"]
[EventCountry "CAN"]

1. e4 e6 2. d4 d5 3. e5 c5 4. c3 Nc6 5. Nf3 Bd7 6. Nbd2 Nge7 7. Bd3 Qb6 8. Nf1 cxd4 9. cxd4 Nxd4 10. Be3 Nxf3+ 11. Qxf3 Qxb2 12. Rb1 Qxa2 13. Rxb7 Qa1+ 14. Rb1 Qc3+ 15. Bd2 Qxe5+ 16. Be3 Bc6 17. Kd2 d4 18. Bb5 dxe3+ 19. Nxe3 Rd8+ 20. Ke1 Bxb5 21. Rc1 Qb2 22. Rc7 Qd2# 0-1

[Event "Ste-Therese"]
[Site "Ste-Therese CAN"]
[Date "1988.12.03"]
[Round "1"]
[White "Tomalty, Alan"]
[Black "Morin, Louis"]
[Result "1-0"]
[WhiteElo "1537"]
[BlackElo "1980"]
[PlyCount "93"]
[GameId "2160767912520122"]
[EventDate "1988.12.03"]
[EventType "swiss"]
[EventRounds "4"]
[EventCountry "CAN"]
[SourceTitle "hb 2013"]

1. e4 e5 2. Nc3 Nf6 3. f4 d5 4. fxe5 Nxe4 5. Qe2 Qh4+ 6. g3 Nxg3 7. Qf2 Nf5 8. Qxh4 Nxh4 9. Nxd5 Kd8 10. d4 h6 11. Ne3 Be7 12. Bd2 Nd7 13. Bh3 c6 14. O-O-O Nb6 15. Bxc8 Kxc8 16. Rf1 Rf8 17. Nf3 Nd5 18. Nxd5 cxd5 19. Rhg1 Nf5 20. Rf2 Kd7 21. Rgf1 g6 22. c3 Ke6 23. Ne1 Bh4 24. Rf3 Bxe1 25. Bxe1 Rac8 26. Kb1 b5 27. Rf4 h5 28. Bh4 b4 29. Rc1 bxc3 30. Rxc3 Rxc3 31. bxc3 Nxh4 32. Rxh4 Kf5 33. Rh3 Kf4 34. Kc2 Rb8 35. Rg3 h4 36. Rg1 g5 37. Rf1+ Ke3 38. Rxf7 g4 39. Rh7 h3 40. e6 Re8 41. e7 Kf2 42. c4 Rc8 43. Rf7+ Kg2 44. Rf8 Rxc4+ 45. Kd3 Kxh2 46. e8=Q g3 47. Qe5 1-0

[Event "Ste-Therese"]
[Site "Ste-Therese CAN"]
[Date "1988.12.03"]
[Round "2"]
[White "Morin, Louis"]
[Black "Wells, Daniel"]
[Result "1-0"]
[WhiteElo "1980"]
[BlackElo "1805"]
[PlyCount "135"]
[GameId "2160767912520123"]
[EventDate "1988.12.03"]
[EventType "swiss"]
[EventRounds "4"]
[EventCountry "CAN"]
[SourceTitle "hb 2013"]

1. e4 c5 2. d4 cxd4 3. c3 dxc3 4. Nxc3 Nc6 5. Nf3 d6 6. Bc4 e6 7. O-O Nf6 8. Qe2 Be7 9. Rd1 Qc7 10. Bf4 a6 11. Rac1 O-O 12. Bb3 Rd8 13. Nd5 exd5 14. exd5 Bg4 15. dxc6 bxc6 16. Qc4 Be6 17. Qxc6 Qxc6 18. Rxc6 Bxb3 19. axb3 h6 20. Nd4 Bf8 21. Nf5 Rd7 22. Rdc1 d5 23. Nxh6+ gxh6 24. Rxf6 Bg7 25. Rb6 d4 26. Bxh6 Bxh6 27. Rxh6 d3 28. Rh3 Rb8 29. Rd1 Rxb3 30. Rg3+ Kf8 31. h3 Rxb2 32. Rgxd3 Ra7 33. Rd7 Rab7 34. Rd8+ Kg7 35. Ra8 Ra2 36. Rd3 Ra1+ 37. Kh2 a5 38. Rd5 a4 39. Rd4 Ra2 40. Rf4 Rbb2 41. Ra7 a3 42. Rfxf7+ Kg8 43. Rf3 Rxf2 44. Rxf2 Rxf2 45. Rxa3 Kg7 46. Ra6 Kh7 47. Kg3 Rf7 48. h4 Rg7+ 49. Kh3 Rd7 50. g4 Rd3+ 51. Kg2 Rd4 52. Kf3 Rd3+ 53. Kf4 Rd4+ 54. Kg5 Rd5+ 55. Kf6 Rd7 56. g5 Rg7 57. h5 Rg8 58. Ra7+ Kh8 59. g6 Rf8+ 60. Rf7 Re8 61. h6 Ra8 62. g7+ Kh7 63. Rf8 Ra6+ 64. Ke5 Ra5+ 65. Kd4 Ra4+ 66. Kc3 Ra3+ 67. Kb2 Rg3 68. Rh8+ 1-0

[Event "Ste-Therese"]
[Site "Ste-Therese CAN"]
[Date "1988.12.04"]
[Round "3"]
[White "Pepin, Christian"]
[Black "Morin, Louis"]
[Result "0-1"]
[WhiteElo "1812"]
[BlackElo "1980"]
[PlyCount "72"]
[GameId "2160767912520124"]
[EventDate "1988.12.03"]
[EventType "swiss"]
[EventRounds "4"]
[EventCountry "CAN"]
[SourceTitle "hb 2013"]

1. e4 e5 2. Nf3 d6 3. d4 Nf6 4. Nc3 Nbd7 5. Bg5 Be7 6. Be2 O-O 7. O-O c6 8. a4 h6 9. Bh4 g6 10. Qd2 Kg7 11. Rad1 Re8 12. Bc4 Qc7 13. h3 Nxe4 14. Nxe4 d5 15. Nxe5 Bxh4 16. Nxf7 Rxe4 17. Qxh6+ Kxf7 18. Bd3 Bf6 19. f3 Bxd4+ 20. Kh1 Re6 21. f4 Bg7 22. Qg5 Rf6 23. f5 Kg8 24. fxg6 Qe5 25. Qh4 Rxf1+ 26. Rxf1 Nf6 27. Re1 Qd6 28. g4 Bd7 29. g5 Re8 30. Rf1 Rf8 31. gxf6 Rxf6 32. Re1 Qf4 33. Qh7+ Kf8 34. Rf1 Qe5 35. Rg1 c5 36. b3 Bc6 0-1

[Event "Ste-Therese"]
[Site "Ste-Therese CAN"]
[Date "1988.12.04"]
[Round "4"]
[White "Morin, Louis"]
[Black "Desjardins, Andre"]
[Result "1/2-1/2"]
[WhiteElo "1980"]
[BlackElo "1927"]
[PlyCount "79"]
[GameId "2160767912520125"]
[EventDate "1988.12.03"]
[EventType "swiss"]
[EventRounds "4"]
[EventCountry "CAN"]
[SourceTitle "hb 2013"]

1. e4 c5 2. d4 cxd4 3. c3 dxc3 4. Nxc3 Nc6 5. Nf3 d6 6. Bc4 Nf6 7. e5 dxe5 8. Qxd8+ Kxd8 9. Ng5 Na5 10. Bb5 Be6 11. O-O a6 12. Nxe6+ fxe6 13. Rd1+ Kc7 14. Be2 Rd8 15. Rxd8 Kxd8 16. Be3 Nc6 17. Rd1+ Nd5 18. Bg4 Nd4 19. Bxe6 Nxe6 20. Rxd5+ Kc7 21. Rxe5 Nd8 22. Bf4 Kc8 23. Nd5 Nc6 24. Re4 g6 25. Re3 Kd8 26. Rd3 Bg7 27. Nb4+ Nd4 28. Be3 e5 29. f4 Kc8 30. fxe5 Ne6 31. Rc3+ Kd7 32. Nd3 Rf8 33. Bf2 Rc8 34. Rxc8 Kxc8 35. Bg3 Kd7 36. Kf2 Kc6 37. Ke3 Kd5 38. Nb4+ Kc4 39. Nd3 Kd5 40. Nb4+ 1/2-1/2

[Event "Ste-Therese-Longueuil m"]
[Site "Longueuil CAN"]
[Date "1988.03.18"]
[Round "?"]
[White "Charest, Johanne"]
[Black "Dufresne, Nathalie"]
[Result "1-0"]
[WhiteElo "1403"]
[BlackElo "1265"]
[PlyCount "81"]
[GameId "2160767912586450"]
[EventDate "1988.03.18"]
[EventType "team"]
[EventRounds "1"]
[EventCountry "CAN"]

1. e4 e5 2. Nf3 Nc6 3. Bb5 a6 4. Ba4 Nf6 5. O-O Bc5 6. Re1 b5 7. Bb3 d6 8. h3 O-O 9. c3 Na5 10. Bc2 Be6 11. b4 Bb6 12. bxa5 Bxa5 13. Bb2 c5 14. d3 Qd7 15. Bb3 c4 16. dxc4 bxc4 17. Ba4 Qb7 18. Ba3 Nxe4 19. Qc2 Bf5 20. Nh4 Qc8 21. Nxf5 Qxf5 22. Qxe4 Qxe4 23. Rxe4 f5 24. Re1 Rf6 25. Bc6 Rb8 26. Bd5+ Kh8 27. Bxc4 Rb6 28. Bd5 f4 29. Rc1 g5 30. Nd2 Rb5 31. Ne4 Rg6 32. c4 Rb6 33. Rab1 Rxb1 34. Rxb1 h5 35. Bxd6 h4 36. Rb7 Bc3 37. c5 Bd4 38. c6 g4 39. c7 Kh7 40. c8=Q+ Rg7 41. Qg8+ 1-0

[Event "Thanksgiving op"]
[Site "Toronto CAN"]
[Date "1988.10.09"]
[Round "3"]
[White "O'Donnell, Tom"]
[Black "Johnstone, Glenn"]
[Result "1-0"]
[WhiteElo "2446"]
[BlackElo "2316"]
[PlyCount "107"]
[GameId "2160767912520278"]
[EventDate "1988.10.08"]
[EventType "swiss"]
[EventRounds "6"]
[EventCountry "CAN"]
[SourceTitle "CFC 1988.12"]

1. e4 e5 2. Nf3 Nc6 3. Bb5 a6 4. Bxc6 dxc6 5. O-O Qd6 6. d4 exd4 7. Nxd4 Bd7 8. Nc3 O-O-O 9. Be3 g6 10. Qe2 Bg7 11. Rad1 Qe7 12. Nb3 f5 13. Nc5 f4 14. Nxd7 fxe3 15. Qxe3 Rxd7 16. Qa7 Rd6 17. Na4 Kd7 18. Nc5+ Ke8 19. Nxb7 Rxd1 20. Rxd1 Nf6 21. Qb8+ Kf7 22. Nd8+ Rxd8 23. Qxd8 Qxe4 24. Qxc7+ Kf8 25. Qd8+ Ne8 26. c3 Qe6 27. Qd7 Qxa2 28. Re1 Qf7 29. Qxc6 Nc7 30. g3 Bf6 31. Re3 Kg7 32. Rd3 Ne6 33. Rd6 Ng5 34. f4 Be7 35. fxg5 Bxd6 36. Qxd6 Qa2 37. Qd4+ Kg8 38. c4 a5 39. Kf2 Qb3 40. Ke2 a4 41. c5 Qa2 42. Kd3 Qb3+ 43. Kd2 Qb5 44. Qd5+ Kf8 45. Qd8+ Kf7 46. Qf6+ Kg8 47. Qc3 Kf7 48. h4 Ke6 49. Qd4 Qc6 50. Qc4+ Ke5 51. Ke3 Qd5 52. Qf4+ Ke6 53. Qe4+ Qe5 54. g4 1-0

[Event "Thanksgiving op"]
[Site "Toronto CAN"]
[Date "1988.10.10"]
[Round "5"]
[White "O'Donnell, Tom"]
[Black "Nickoloff, Bryon"]
[Result "1/2-1/2"]
[WhiteElo "2446"]
[BlackElo "2429"]
[PlyCount "61"]
[GameId "2160767912520279"]
[EventDate "1988.10.08"]
[EventType "swiss"]
[EventRounds "6"]
[EventCountry "CAN"]
[SourceTitle "CFC 1988.12"]

1. e4 e5 2. Nf3 Nc6 3. Bb5 Nf6 4. O-O Nxe4 5. d4 Be7 6. Qe2 Nd6 7. Bxc6 bxc6 8. dxe5 Nf5 9. Qc4 g6 10. Nbd2 Bb7 11. Re1 O-O 12. b3 d5 13. Qe2 Re8 14. Bb2 Bf8 15. Rad1 Qe7 16. Nf1 c5 17. Ne3 Nxe3 18. Qxe3 Bg7 19. Qf4 a5 20. a4 d4 21. Ba3 Rad8 22. h3 Rd5 23. Qd2 Qd7 24. Qxa5 c4 25. Qa7 Qc6 26. bxc4 Rdd8 27. Rxd4 Ra8 28. Qc5 Qxa4 29. Bc1 Bxf3 30. gxf3 Qxc2 31. Rde4 1/2-1/2

[Event "Toronto"]
[Site "Toronto CAN"]
[Date "1988.02.28"]
[Round "1"]
[White "Liitoja, Ingvar"]
[Black "Pacey, Kevin"]
[Result "1-0"]
[WhiteElo "2217"]
[BlackElo "2242"]
[PlyCount "49"]
[GameId "2160767912583461"]
[EventDate "1988.??.??"]
[EventCountry "CAN"]
[SourceTitle "EXT 2022"]
[Source "ChessBase"]
[SourceDate "2021.10.06"]
[SourceVersion "1"]
[SourceVersionDate "2021.10.06"]
[SourceQuality "1"]

1. c4 b6 2. d4 e6 3. Nf3 Bb7 4. g3 Bb4+ 5. Bd2 Bxd2+ 6. Qxd2 Bxf3 7. exf3 Ne7 8. d5 b5 9. dxe6 fxe6 10. cxb5 O-O 11. Nc3 a6 12. bxa6 d5 13. f4 c5 14. Bg2 Rxa6 15. O-O Nbc6 16. Nb5 Qb6 17. Qe2 Nb4 18. a3 Nc2 19. Qxc2 Qxb5 20. Bh3 Rb8 21. Rfe1 Rbb6 22. f5 Nxf5 23. Bxf5 exf5 24. Qxf5 Qc6 25. Re7 1-0

[Event "Toronto"]
[Site "Toronto CAN"]
[Date "1988.03.06"]
[Round "2"]
[White "Pacey, Kevin"]
[Black "Pelts, Roman"]
[Result "1/2-1/2"]
[WhiteElo "2242"]
[BlackElo "2446"]
[PlyCount "107"]
[GameId "2160767912583462"]
[EventDate "1988.??.??"]
[EventCountry "CAN"]
[SourceTitle "EXT 2022"]
[Source "ChessBase"]
[SourceDate "2021.10.06"]
[SourceVersion "1"]
[SourceVersionDate "2021.10.06"]
[SourceQuality "1"]

1. e4 c5 2. Nf3 e6 3. Nc3 Nc6 4. Bb5 Qc7 5. O-O d6 6. d4 cxd4 7. Qxd4 Bd7 8. Bxc6 bxc6 9. Bg5 h6 10. Bh4 e5 11. Qd3 g5 12. Bg3 Be6 13. Nd2 Ne7 14. Nc4 Rd8 15. Rad1 Ng6 16. Rd2 Be7 17. Rfd1 h5 18. h3 h4 19. Bh2 g4 20. hxg4 Bxg4 21. Re1 h3 22. Ne3 Be6 23. g3 Bg5 24. Rdd1 Qb6 25. Nf5 Kf8 26. Qf3 Qc5 27. a3 d5 28. b4 Qc4 29. Qd3 Qxd3 30. cxd3 d4 31. Ne2 Bb3 32. Ra1 Bc2 33. f4 exf4 34. Nexd4 fxg3 35. Bxg3 Bxd3 36. Nxc6 Rc8 37. Rad1 Bc2 38. Nxa7 Rc3 39. Nb5 h2+ 40. Bxh2 Rch3 41. Bd6+ Kg8 42. Rd5 Rh1+ 43. Kf2 Rxe1 44. Kxe1 Bxe4 45. Rc5 Rh1+ 46. Kf2 Rb1 47. Nc3 Rb2+ 48. Ne2 Nf4 49. Bxf4 Bxf4 50. Rc4 Bxf5 51. Rxf4 Bd3 52. Ke3 Bxe2 53. Rf2 Rb3+ 54. Kxe2 1/2-1/2

[Event "Toronto"]
[Site "Toronto CAN"]
[Date "1988.03.10"]
[Round "3"]
[White "Polacek, Jozef"]
[Black "Pacey, Kevin"]
[Result "0-1"]
[WhiteElo "2253"]
[BlackElo "2242"]
[PlyCount "84"]
[GameId "2160767912583463"]
[EventDate "1988.??.??"]
[EventCountry "CAN"]
[SourceTitle "EXT 2022"]
[Source "ChessBase"]
[SourceDate "2021.10.06"]
[SourceVersion "1"]
[SourceVersionDate "2021.10.06"]
[SourceQuality "1"]

1. e4 d6 2. d4 Nf6 3. Nc3 g6 4. Be2 Bg7 5. g4 c5 6. g5 Nfd7 7. Nf3 cxd4 8. Nxd4 Nc6 9. Be3 Nc5 10. Nxc6 bxc6 11. Bd4 Bxd4 12. Qxd4 e5 13. Qd2 Ne6 14. O-O-O Nd4 15. h4 Rb8 16. Nb1 Be6 17. c3 Nxe2+ 18. Qxe2 Bxa2 19. Qa6 Bb3 20. Qxc6+ Ke7 21. c4 Bxd1 22. Rxd1 Qb6 23. Qxb6 axb6 24. Nc3 Rhc8 25. Nd5+ Ke6 26. b3 b5 27. Kc2 bxc4 28. b4 h6 29. gxh6 Rh8 30. Ra1 Rb7 31. b5 f5 32. f3 Rxh6 33. b6 Kd7 34. Ra4 Rxh4 35. Rxc4 Rh3 36. exf5 gxf5 37. Rc3 e4 38. fxe4 Rxc3+ 39. Kxc3 fxe4 40. Kd4 Kc6 41. Kxe4 Kc5 42. Nf6 Re7+ 0-1

[Event "Toronto"]
[Site "Toronto CAN"]
[Date "1988.03.13"]
[Round "4"]
[White "Pacey, Kevin"]
[Black "Taylor, Gordon"]
[Result "1-0"]
[WhiteElo "2242"]
[BlackElo "2346"]
[PlyCount "111"]
[GameId "2160767912583464"]
[EventDate "1988.??.??"]
[EventCountry "CAN"]
[SourceTitle "EXT 2022"]
[Source "ChessBase"]
[SourceDate "2021.10.06"]
[SourceVersion "1"]
[SourceVersionDate "2021.10.06"]
[SourceQuality "1"]

1. e4 c5 2. Nf3 e6 3. Nc3 Nc6 4. Bb5 Nd4 5. Bc4 Ne7 6. Nxd4 cxd4 7. Ne2 Nc6 8. d3 d5 9. exd5 exd5 10. Bb3 Bd6 11. Bf4 Qa5+ 12. Bd2 Qc7 13. Bxd5 O-O 14. h3 Rd8 15. Bb3 b6 16. O-O Bb7 17. Ng3 Na5 18. Bxa5 bxa5 19. Ne4 a4 20. Bxa4 Qa5 21. Bb3 Bxe4 22. dxe4 Qe5 23. g3 Qxe4 24. Qh5 Qg6 25. Qxg6 hxg6 26. Rfe1 Re8 27. Kg2 Bb4 28. Rxe8+ Rxe8 29. Rd1 Bc5 30. Kf3 Re5 31. g4 Kf8 32. Bc4 g5 33. a3 a5 34. Rd3 f6 35. Rb3 Ba7 36. Rb7 Re7 37. Rb5 Re5 38. Rxe5 fxe5 39. Ke4 Bb8 40. Kf5 Ke7 41. f3 e4 42. fxe4 Bf4 43. e5 Bc1 44. b4 a4 45. b5 Bxa3 46. Kxg5 Bc5 47. Kg6 Kf8 48. h4 Bb6 49. h5 Bc7 50. e6 a3 51. g5 Bf4 52. h6 gxh6 53. gxh6 Be5 54. b6 Ke7 55. b7 Kd8 56. h7 1-0